| 000 | 00908nam a2200217 i 4500 | ||
|---|---|---|---|
| 001 | 7230 | ||
| 003 | ES-MaACL | ||
| 005 | 20230906145205.0 | ||
| 007 | t| | ||
| 008 | 901025s1877 po ||||1| por d | ||
| 080 | _a061.12(469.411)A.R.S. | ||
| 110 | 2 |
_aAcademia das Ciências de Lisboa. _91159 |
|
| 245 | 1 | 0 |
_aSessao publica da Academia Real das Sciencias de Lisboa em 15 de maio de 1877 _b: ; Allocucao / _cdo Vice-presidente Antonio Augusto de Aguiar ; e Relatorio dos trabalhos da Academia / pelo Secretario Geral Interino Jose Maria Latino Coelho. |
| 260 |
_aLisboa : _bTypographia da Academia, _c1877. |
||
| 300 |
_aXL, 64 p. ; _c22 cm. |
||
| 610 | 2 |
_aAcademia das Ciências de Lisboa. _91159 |
|
| 700 | 1 |
_aAguiar, Antonio Augusto de. _9195383 |
|
| 700 | 1 |
_aCoelho, José María Latino ( _d1825-1891) _9126522 |
|
| 852 |
_aES-MaACL _jR-2776(3) _q. - Encuadernado con otras obras |
||
| 999 |
_c7230 _d7230 |
||